Falešná láska /

Hlavní autor: Howard, Stephanie
Další autoři: Máchová, Jarmila
Jazyk: Čeština
Vydáno: Praha : Harlequin, 1996
Edice: Romance (Harlequin)
Témata:
Externí odkaz: Digitalizovaný dokument
Fyzický popis: 151 s. ; 18 cm
Knihy
Uloženo v:
LEADER 01327nam a2200361 a 4500
001 000138116
003 CZ BrMZK
005 20220629100320.0
007 ta
008 960815s1996 xr g 000 f cze d
015 |a cnb000183780 
020 |a 80-7170-554-3 
035 |a (OCoLC)37960770 
040 |a BOA001  |b cze 
041 1 |a cze  |h eng 
072 7 |a 821.111-3  |x Anglická próza, anglicky psaná  |2 Konspekt  |9 25 
080 |a 821.111-31  |2 MRF 
080 |a (0:82-312.5)  |2 MRF 
100 1 |a Howard, Stephanie  |7 jx20051110007  |4 aut 
245 1 0 |a Falešná láska /  |c Stephanie Howardová ; [překlad Jarmila Máchová] 
260 |a Praha :  |b Harlequin,  |c 1996 
300 |a 151 s. ;  |c 18 cm 
490 1 |a Romance ;  |v 202 (B 12/96) 
500 |a Dostupné též v digitální podobě v aplikaci Kramerius 
655 7 |a anglicky psané romány  |7 fd131805  |2 czenas 
655 7 |a milostné romány  |7 fd132840  |2 czenas 
700 1 |a Máchová, Jarmila  |7 jx20050701054  |4 trl 
765 0 |t Counterfeit love  |9 Česky 
830 0 |a Romance (Harlequin)  |0 s 
856 4 1 |u http://www.digitalniknihovna.cz/mzk/uuid/uuid:f3cd0d40-dc69-11ea-804d-005056827e51  |y Digitalizovaný dokument  |x NDK 
910 |a BOA001  |b 1-1029.374 
990 |a BK 
996 6 |b 2610047612  |c 1-1029.374  |l MZK  |r Sklad / do 1 hodiny  |n 16  |p p.v.  |w 000138116  |u 000010  |a 1  |e BOA001  |j MZK50  |s P